1980s Movies by DITLOID - Statistics

General Stats
  • This quiz has been taken 73 times
  • The average score is 16 of 35
Answer Stats
Genre Ditloid Movie % Correct
Sci-Fi B to the F Back to the Future
90%
Sci-Fi S W: R of the J Star Wars Return of the Jedi
87%
Sci-Fi S T 2: The W of K Star Trek II: The Wrath of Khan
83%
Adventure B & T's E A Bill & Ted's Excellent Adventure
75%
Adventure R of the L A Raiders of the Lost Ark
75%
Adventure W at B's Weekend at Bernie's
75%
Comedy F B's D O Ferris Bueller's Day Off
73%
Sci-Fi E from N Y Escape from New York
67%
Drama An O and a G An Officer and a Gentleman
65%
Comedy F T at R H Fast Times at Ridgemont High
63%
Family H and the H Harry and the Hendersons
63%
Comedy A! Airplane!
60%
Family P-W's B A Pee-Wee's Big Adventure
58%
Comedy P in P Pretty in Pink
58%
Comedy The B C The Breakfast Club
50%
Adventure A V to a K A View to a Kill
48%
Family W F R R Who Framed Roger Rabbit
43%
Comedy G M, V Good Morning, Vietnam
42%
Sci-Fi The D Z The Dead Zone
40%
Adventure B T in L C Big Trouble in Little China
38%
Family The L M The Little Mermaid
37%
Comedy W H M S... When Harry Met Sally
37%
Drama T G Top Gun
35%
Drama S by M Stand by Me
33%
Drama D D Dirty Dancing
32%
Drama D the R T Do the Right Thing
32%
Comedy P, T & A Planes, Trains & Automobiles
30%
Family H, I S the K Honey, I Shrunk the Kids
28%
Family The F and the H The Fox and the Hound
28%
Drama F of D Field of Dreams
23%
Family The P B The Princess Bride
18%
Adventure F of the N Flight of the Navigator
17%
Drama D P S Dead Poets Society
13%
Family L S of H Little Shop of Horrors
13%
Comedy T I S T This Is Spinal Tap
10%
No matching quizzes found
Score Distribution
Percent of People with Each Score
Percentile by Number Answered
Your Score History
You have not taken this quiz